| 000 | 00441nam a2200193Ia 4500 | ||
|---|---|---|---|
| 005 | 20240823031957.0 | ||
| 008 | 240823s9999||||xx |||||||||||||| ||und|| | ||
| 020 | _a978-81-85986-11-1 | ||
| 041 | _aENGLISH | ||
| 082 | _A823 Q2 | ||
| 100 | _aNarayan R K | ||
| 245 | 2 | _aA Tiger for Malgudi | |
| 250 | _a1st | ||
| 260 |
_c2012 _bIndian Thought Publica |
||
| 500 | _aYES | ||
| 650 |
_amalgudi _bEnglish |
||
| 942 | _cBK | ||
| 999 |
_c192346 _d192346 |
||